000 00337nam a22001337a 4500
020 _qHB.
040 _cFIZZA ISHAQ
082 _a333.3
_bJOH
100 _aMELANGHLIN, JOHN.
_988893
245 _aCADASTER GEO INFORMATION INNOVATIONS /
_cJOHN MELANGHLIN.
260 _aNEW YORK ;
_bWILEY,
_c2011.
300 _a335 P. ;
942 _2ddc
_cBK
999 _c587813
_d587813